Practical Approach to Ind as Implementation: (Record no. 202206)

MARC details
000 -LEADER
fixed length control field 00749nam a22002177a 4500
005 - DATE AND TIME OF LATEST TRANSACTION
control field 20240809161319.0
010 ## - LCCN (DPL NO)
LC control number ENG-140173 ENG-141279
020 ## - INTERNATIONAL STANDARD BOOK NUMBER
Terms of availability 4250.00
International Standard Book Number 9789386432735(SET OF 2)
035 ## - SYSTEM CONTROL NUMBER
System control number EN-123705
035 ## - SYSTEM CONTROL NUMBER
System control number EN-124811
037 ## - SOURCE OF ACQUISITION
Source of stock number/acquisition DBAD
082 ## - DEWEY DECIMAL CLASSIFICATION NUMBER
Classification number 657.4
Edition number 2
100 ## - MAIN ENTRY--PERSONAL NAME
Personal name Gosain, Sarika
245 ## - TITLE STATEMENT
Title Practical Approach to Ind as Implementation:
Remainder of title Iiiustrations, Summary and Comparisions/
Statement of responsibility, etc By Sarika Gosain
250 ## - EDITION STATEMENT
Edition statement 2
260 ## - PUBLICATION, DISTRIBUTION, ETC. (IMPRINT)
Place of publication, distribution, etc New Delhi
Name of publisher, distributor, etc Bloomsbury Publishing India Pvt. Ltd
Date of publication, distribution, etc 2016
270 ## - ADDRESS
City New Delhi
Address DDA Complex, LSC Building No. 4, Second Floor, Pocket C-6 & 7, Vasant Kunj
Postal code 110070
300 ## - PHYSICAL DESCRIPTION
Extent 636p.
Dimensions 25cm(hb)
490 ## - SERIES STATEMENT
Volume number/sequential designation Vol 1,VOl 2
942 ## - ADDED ENTRY ELEMENTS (KOHA)
Source of classification or shelving scheme Dewey Decimal Classification
Item type English Books
Classification part 657.4
Call number suffix GOS
Edition 2
Holdings
Withdrawn status Lost status Materials specified (bound volume or other part) Not for loan Collection code Home library Current library Date acquired Source of acquisition Cost, normal purchase price Full call number Barcode Copy number Cost, replacement price Koha item type
    VOL 2 Not For Loan Reference Patel Nagar Patel Nagar 16/04/2024 DBAD 2125.00 657.4 GOS EN-123705 1 2125.00 English Books
    VOL-1 Not For Loan Reference Patel Nagar Patel Nagar 07/08/2024 Delivery of Books Act Division 2125.00 657.4 GOS EN-124811 1 2125.00 English Books

© Delhi Public Library
Hit Counter
free hit counter